000 01470cam a22002054a 4500
005 20250605164003.0
008 250528s ||||||||||||||||||||||||d
035 _a15723
020 _a198289693
040 _aGR-AtMCL
_bgre
_dGR-AtMCL
_eAACR2
245 1 _aManaging the Global Economy
260 _bOxford University Press,
_c1997
300 _a348
520 _aThis book examines current issues in the world economic order, and asks what new initiatives are necessary to ensure stability, growth and high levels of employment. Foreword, Introduction, Lessons from History, Trade and Growth: A Historical Perspective, The Bretton Woods System: Concept and Practice, Taming International Finance, Labor and Capital, Employment and Unemployment - North and South, Globalization and Labor Standards, Transnational Corporations and the Nation State, International Capital Movements: Some Proposals for Reform, International Finance and Exchange Rate Policy, International Finance Markets and National Transmission Mechanisms, Derivatives: A Growing Threat to the International Financial System, Managing the Exchange Rate System, Lessons of Exchange Rate Targeting, The Role of Government: National and International, The International Origins of Unemployment, A Program for Reform, A Postscript, Bibliography, Name and Subject Index.
700 1 _aMichie Jonathan
_91689
700 1 _aSmith Grieve John
_91690
942 _cBK
999 _c1279
_d1279